LEADER 01333nam a2200301 a 4500 001 000000122249 003 CaOOAMICUS 005 20100614130329.0 008 100614t2010 it 001 0 ita r 020 $a978-88-16-40939-2 040 $aPUL$bita$dReb 082 04$a230.092 100 1 $aPanikkar, Raimundo,$cS.I.,$d1918-2010.$0(OLS)http://pul/name/15891 245 10$aVita e parola :$bla mia opera /$cRaimon Panikkar ; a cura di Milena Carrara Pavan. 260 $aMilano :$bJaca Book,$c©2010. 300 $a158 p. ;$c23 cm. 490 1 $aDi fronte e attraverso ;$v939 504 $aInclude riferimenti bibliografici e indice. 600 14$aPanikkar, Raimundo,$cS.I.,$d1918-2010$xAutobiografia.$0(OLS)http://pul/subject/36987 700 1 $aCarrara Pavan, Milena.$0(OLS)http://pul/name/49467 830 0$aDi fronte e attraverso ;$v939.$0(OLS)http://pul/title/138 850 $aPUL 852 $aPUL$W1$xSL Religione 3$y85$m230. 092 PANRA 1.13.1$j140323$qDDC 21$B139492$CPULBib$Z2$F139492 $H113651 $82 941 1 $a9 996 $6020$a978-88-16-40939-2$9(OLS)http://pul/number/144579 996 $6082$a230.092$9(OLS)http://pul/classification/553 996 $6245$aVita e parola :$bla mia opera$9(OLS)http://pul/title/153853 996 $6260$aMilano :$bJaca Book$9(OLS)http://pul/publisher/47900 LEADER 01602nam a2200325 a 4500 001 000000143360 003 CaOOAMICUS 005 20150518134400.0 008 150518s2014 it u000 u ita r 020 $a978-88-6430-089-4 040 $aPUL$bita 082 04$a850 245 00$aItalo Alighiero Chiusano :$bla scrittura tra visibile e invisibile /$ccon un inedito di Italo Alighiero Chiusano. 260 $aPanzano in Chianti (FI) :$bEdizioni Feeria,$c©2014$a[S.l.] :$bComunità san Leolino 300 $a289 p. ;$c21 cm 490 1 $aTeorie ;$v22 500 $aIl presente volume raccoglie gli atti del sesto convegno del ciclo annuale dal titolo "Quale creatività spirituale a servizio della cultura". 504 $aBibliografia in nota. 600 14$aChiusano, Italo Alighiero,$d1926-1995.$0(OLS)http://pul/subject/27339 700 1 $aChiusano, Italo Alighiero,$d1926-1995.$0(OLS)http://pul/name/38579 830 0$aTeorie ;$v22.$0(OLS)http://pul/title/150464 850 $aPUL 852 $aPUL$W1$xDP2 Cons. Gen., Altre Classi 3$y97$m850 CHIIT 1$j165489$qDDC 21$B165754$CPULBib$Z2$F165754 $H125798 $82 941 1 $a9 996 $6020$a978-88-6430-089-4$9(OLS)http://pul/number/157556 996 $6082$a850$9(OLS)http://pul/classification/488 996 $6245$aItalo Alighiero Chiusano :$bla scrittura tra visibile e invisibile$9(OLS)http://pul/title/181406 996 $6260$aPanzano in Chianti (FI) :$bEdizioni Feeria$9(OLS)http://pul/publisher/81098 996 $6260$a[S.l.] :$bComunità san Leolino$9(OLS)http://pul/publisher/83392